| 000 | 00548nam a2200217Ia 4500 | ||
|---|---|---|---|
| 005 | 20251020182441.0 | ||
| 008 | 200515s9999 xx 000 0 und d | ||
| 020 | _a84-9705-210-2 | ||
| 082 | _a528.77/L49 | ||
| 100 | _aLerma García, José Luis | ||
| 245 | 0 | _aFotogrametría Moderna : Analítica y Digital | |
| 260 | _aValencia | ||
| 260 | _bUNIVERSIDAD POLITÉCNICA DE VALENCIA | ||
| 260 | _c2002 | ||
| 300 | _a550 p. | ||
| 300 | _bil., tbl., graf. | ||
| 500 | _a1 ejemplar | ||
| 650 | _aFOTOGRAMETRIA | ||
| 942 | _cLIB | ||
| 999 |
_c552 _d552 |
||